| 000 | 00392nam a2200145Ia 4500 | ||
|---|---|---|---|
| 008 | 130318s9999 xx 000 0 und d | ||
| 020 | _a9788131725696 | ||
| 082 | _a658.4013 MUN/C | ||
| 100 | _aMunro, Roderick A. et.al | ||
| 245 | _aThe certified six sigma green belt handbook | ||
| 260 |
_bPearson Education _aNew Delhi _c2008 |
||
| 300 | _a443 | ||
| 650 | _aMANAGEMENT | ||
| 650 | _aSIX SIGMA | ||
| 999 |
_c2228 _d2228 |
||